| 000 | 01255cem a2200349 4500 | ||
|---|---|---|---|
| 999 |
_c6983 _d6983 |
||
| 001 | 268324 | ||
| 003 | GBCCL | ||
| 005 | 20241126110616.0 | ||
| 007 | ad canzn | ||
| 008 | 850717s1985 ilu e eng | ||
| 010 | _a 85675158 | ||
| 020 |
_a0802404383 : _c$29.95 |
||
| 034 | 0 | _aa | |
| 040 |
_aDLC _cDLC _dDLC |
||
| 043 | _aaw----- | ||
| 050 | 0 | 0 |
_aG2230 _b.B44 1985 |
| 082 | 0 | 0 |
_a220.91 _a912.33 _219 _bBEI |
| 100 | 1 |
_aBeitzel, Barry J. _912424 |
|
| 245 | 1 | 4 |
_aThe Moody atlas of Bible lands / _cBarry J. Beitzel. |
| 255 | _aScales differ. | ||
| 260 |
_aChicago : _bMoody Press, _cc1985. |
||
| 300 |
_a1 atlas (xviii, 234 p.) : _bill. (some col.), col. maps ; _c29 cm. |
||
| 440 | 0 |
_a[ACSM Map Design Competition Collection ; _v1985-13] _912425 |
|
| 500 | _aIncludes indexes. | ||
| 500 | _aAwarded honorable mention for thematic maps in 1985 American Congress on Surveying and Mapping Map Design Competition. | ||
| 504 | _aBibliography: p. [233]-234. | ||
| 630 | 0 | 0 |
_aBible _xGeography _xMaps. _912426 |
| 630 | 0 | 0 |
_aBible _xHistory of Biblical events _xMaps. _912427 |
| 856 | 4 | 2 |
_3Publisher description _uhttp://www.loc.gov/catdir/enhancements/fy0609/85675158-d.html |
| 906 |
_a7 _bcbc _corignew _d1 _encip _f19 _gy-geogmaps |
||
| 942 |
_2ddc _cREF |
||